Sports Quiz

Random Sports or Olympics Quiz

Rio Olympics: Final Medal Standings Quiz Stats

 Plays Quiz not verified by Sporcle

Score 0/244 Timer 05:00
0 Plays Today
Hint Answer % Correct
1st Place46
98.7%
1st Place37
98.7%
1st Place38
98.7%
1st PlaceUSA
98.6%
3rd Place26
97%
3rd Place18
97%
3rd Place26
97%
3rd PlaceChina
96.8%
2nd Place17
96.1%
2nd Place23
96.1%
2nd Place27
96.1%
2nd PlaceGreat Britain
96%
4th Place19
93.4%
4th Place18
93.4%
4th Place19
93.4%
4th PlaceRussia
93.2%
6th Place12
93%
6th Place21
92.8%
6th Place8
92.7%
6th PlaceJapan
92.7%
7th Place14
91.7%
7th Place18
91.7%
7th Place10
91.6%
7th PlaceFrance
91.6%
13th Place6
91.1%
13th Place6
91.1%
13th Place7
91.1%
13th PlaceBrazil
91.1%
5th Place10
90.8%
5th Place17
90.8%
5th Place15
90.6%
5th PlaceGermany
90.3%
61st Place Tie0
89.7%
61st Place TieAustria, Dominican Republic, Estonia, Finland, Morocco, Moldova, Nigeria, Portugal, Trinidad & Tobago, & UAE
89.7%
61st Place Tie0
89.7%
61st Place Tie1
89.7%
10th Place11
89.5%
10th Place8
89.3%
10th PlaceAustralia
89.3%
9th Place12
87.1%
9th Place8
87%
9th Place8
87%
14th Place6
86.9%
14th Place4
86.9%
14th Place7
86.9%
14th PlaceSpain
86.9%
9th PlaceItaly
86.8%
20th Place15
85%
20th Place3
84.8%
20th Place4
84.7%
20th PlaceCanada
84.6%
10th Place10
84.3%
8th Place9
82.3%
8th Place9
82.2%
8th Place3
82.2%
8th PlaceSouth Korea
82.1%
27th Place 0
81.9%
27th Place 1
81.9%
27th Place 3
81.9%
27th Place Argentina
81.9%
52nd Place2
80.1%
52nd Place3
80.1%
52nd Place0
80.1%
52nd PlaceMexico
80.1%
29th Place2
79.4%
29th Place6
79.4%
29th Place3
79.3%
16th PlaceJamaica
76.7%
19th Place5
76.4%
19th Place9
76.4%
19th Place4
76.4%
16th Place3
76.4%
16th Place6
76.4%
19th PlaceNew Zealand
76.3%
11th Place4
75.7%
11th Place7
75.7%
11th Place8
75.7%
29th PlaceSweden
75.6%
11th PlaceNetherlands
75.5%
35th Place Tie2
75.4%
35th Place Tie2
75.4%
35th Place TieBelgium & Thailand
75.2%
Hint Answer % Correct
56th Place Tie1
74.9%
56th Place Tie1
74.9%
56th Place Tie0
74.9%
56th Place TieIndia & Mongolia
74.9%
58th Place4
74.9%
58th Place0
74.9%
58th Place0
74.9%
35th Place Tie2
74.8%
58th PlaceNorway
74.7%
50th Place Tie0
72.5%
50th Place Tie0
72.5%
50th Place Tie1
72.2%
50th Place TieFiji, Jordan, Kosovo, Puerto Rico, Singapore, & Tajikistan
72.1%
16th Place2
71.2%
30th Place2
70.9%
30th Place6
70.9%
30th Place2
70.9%
30th PlaceSouth Africa
70.7%
53rd Place Tie0
70.7%
53rd Place Tie2
70.7%
53rd Place Tie0
70.7%
53rd Place TieAlgeria & Ireland
70.5%
33rd Place6
70%
33rd Place3
70%
33rd Place2
70%
33rd PlacePoland
69.6%
28th Place7
69%
28th Place6
69%
28th Place2
69%
15th Place1
69%
15th Place6
69%
15th Place6
69%
28th PlaceDenmark
68.9%
15th PlaceKenya
68.7%
12th Place8
68.2%
12th Place4
68.2%
12th Place3
68.2%
12th PlaceHungary
68%
26th Place 2
67.9%
26th Place 1
67.9%
26th Place 3
67.9%
26th Place Greece
67.7%
34th Place2
67.6%
34th Place3
67.6%
34th Place2
67.6%
34th PlaceNorth Korea
67.6%
24th Place 2
65.8%
24th Place 2
65.8%
24th Place 3
65.8%
24th Place Switzerland
65.6%
57th Place Tie0
63.7%
57th Place Tie1
63.7%
57th Place Tie0
63.7%
57th Place TieBurundi, Grenada, Niger, Philippines, & Qatar
63.7%
31st Place4
62.3%
31st Place5
62.3%
31st Place2
62.3%
31st PlaceUkraine
62.2%
55th Place Tie2
60.6%
55th Place Tie1
60.6%
55th Place Tie0
60.6%
59th Place Tie3
60.6%
59th Place Tie0
60.6%
59th Place Tie0
60.6%
40th Place4
60.5%
40th Place3
60.5%
40th Place1
60.5%
55th Place TieBulgaria & Venezuela
60.5%
59th Place TieEgypt & Tunisia
60.5%
40th PlaceTurkey
60.3%
18th Place4
58.5%
18th Place2
58.5%
18th Place5
58.5%
18th PlaceCuba
58.1%
43rd Place5
58%
43rd Place2
58%
43rd Place1
58%
43rd PlaceEthiopia
57.7%
23rd Place3
57.7%
23rd Place2
57.7%
23rd Place3
57.7%
23rd PlaceColombia
57.5%
Hint Answer % Correct
25th Place4
55%
25th Place1
55%
25th Place3
55%
25th PlaceIran
54.6%
46th Place3
54.6%
46th Place1
54.6%
46th Place1
54.6%
46th PlaceRomania
54.6%
42nd Place7
54.5%
42nd Place2
54.5%
42nd Place1
54.5%
32nd Place2
54.5%
32nd Place4
54.5%
32nd Place2
54.5%
32nd PlaceSerbia
54.3%
42nd PlaceCzech Republic
53.8%
17th Place2
53.2%
17th Place3
53.2%
17th Place5
53.2%
17th PlaceCroatia
52.9%
36th Place0
51.1%
36th Place2
51.1%
36th Place2
51%
36th PlaceSlovakia
50.7%
44th Place1
49.8%
44th Place2
49.8%
44th Place1
49.8%
47th Place Tie1
49.5%
44th PlaceSlovenia
49.4%
47th Place Tie1
49.4%
47th Place Tie0
49.4%
47th Place TieBahrain & Vietnam
49.1%
22nd Place9
49%
22nd Place5
49%
22nd Place3
49%
22nd PlaceKazakhstan
48.9%
39th Place4
47.2%
39th Place4
47.2%
39th Place1
47.2%
39th PlaceBelarus
46.8%
49th Place Tie1
45.5%
49th Place Tie0
45.5%
49th Place Tie1
45.5%
49th Place TieBahamas,Côte d'Ivoire, Independent Olympic Athletes
45.5%
45th Place0
44.4%
45th Place2
44.4%
45th Place1
44.4%
45th PlaceIndonesia
44.2%
54th PlaceLithuania
39.8%
54th Place3
39.6%
54th Place1
39.6%
54th Place0
39.6%
60th Place2
39.1%
60th Place0
39.1%
60th PlaceIsrael
38.7%
60th Place0
37.3%
21st Place7
37.1%
21st Place2
37.1%
21st Place4
37.1%
21st PlaceUzbekistan
37%
51st Place1
34%
51st Place4
34%
51st Place0
34%
38th Place10
33.7%
51st PlaceMalaysia
33.7%
38th Place7
33.5%
38th Place1
33.5%
38th PlaceAzerbaijan
33.2%
37th Place4
30.7%
37th Place1
30.7%
37th Place2
30.7%
37th PlaceGeorgia
30.4%
48th Place2
30.2%
48th Place0
30.2%
48th Place1
30.2%
41st Place0
28.2%
41st Place3
28.2%
41st Place1
28.2%
41st PlaceArmenia
28%
48th PlaceChinese Taipei
27.7%

You're not logged in!

Compare scores with friends on all Sporcle quizzes.
OR
Log In

Sporcle TV

Today on Sporcle TV


Watch our educational content, quiz creation guides, and fun videos on Sporcle TV.

Show Comments

Extras

Top Quizzes Today


Score Distribution

Your Account Isn't Verified!

In order to create a playlist on Sporcle, you need to verify the email address you used during registration. Go to your Sporcle Settings to finish the process.

Report this User

Report this user for behavior that violates our Community Guidelines.

Details: